000 00288nam a2200109Ia 4500
008 190906s9999||||xx |||||||||||||| ||und||
100 _aUrdu Jamia Karachi
245 0 _aMukhzan-i-Adab :Urdu Lazmi ka Jadeed Nisaab
260 _aKarachi
_bShaub-e-tasneef
_c2003
300 _a358
942 _cBK
999 _c6010
_d6010